Manažéri a lídri manažérske myslenie verzus vodcovský talent?

Uložené v:
Podrobná bibliografia
Hlavný autor: Hickman, Craig R.
Ďalší autori: Višňovský, Emil
Médium: Kniha
Jazyk:Slovak
Vydavateľské údaje: Bratislava Open Windows 1995
Vydanie:1. vyd.
Predmet:
Tagy: Pridať tag
Žiadne tagy, Buďte prvý, kto otaguje tento záznam!

MARC

LEADER 00000nam a2200000 4500
001 c010929
005 20221128073337.1
020 |a 80-85741-08-3 
041 0 |a slo 
044 |a SK 
245 1 0 |a Manažéri a lídri  |b manažérske myslenie verzus vodcovský talent?  |c Craig R. Hickman ; [z angl. prel.] Emil Višňovský 
250 |a 1. vyd. 
264 1 |a Bratislava  |b Open Windows  |c 1995 
300 |a 308 s. 
610 2 0 |a manažéri 
610 2 0 |a manažment 
610 2 0 |a riadenie 
610 2 0 |a riadenie podnikové 
610 2 0 |a konkurencia 
610 2 0 |a vodcovstvo 
100 1 |a Hickman, Craig R. 
700 1 |a Višňovský, Emil